000 00401nam a2200157Ia 4500
008 230718s9999 xx 000 0 und d
041 _aeng
082 _a670
_bSHA
100 _aSharma P.C.
_9159163
245 _aTextBook Of Production Engineering
260 _c1986
_bS.Chand And Company Ltd.
300 _a669
365 _cRs.
700 _aSharma P.C.
_9159163
906 _dB:15-May-1996
_cINST
999 _c295353
_d295353